Normal view MARC view

Entry Personal Name

Number of records used in: 1

001 - CONTROL NUMBER

  • control field: 1017342

003 - CONTROL NUMBER IDENTIFIER

  • control field: OSt

005 - DATE AND TIME OF LATEST TRANSACTION

  • control field: 20260121155247.0

008 - FIXED-LENGTH DATA ELEMENTS

  • fixed length control field: 260121|| aca||aabn | a|a d

040 ## - CATALOGING SOURCE

  • Original cataloging agency: OSt
  • Transcribing agency: OSt

100 ## - HEADING--PERSONAL NAME

  • Personal name: Bhubhindar Singh; Sarah Teo

670 ## - SOURCE DATA FOUND

  • Source citation: Work cat.: (OSt)1584161: Bhubhindar Singh; Sarah Teo , Minilateralism in the Indo-Pacific
Copyright @ Delhi University Library System